Southville International School and Colleges
Your cart is empty.
  • Cart
  • Lists
    Public lists Eva Luna New books Lux_list list_1
    Your lists Log in to create your own lists
  • Log in to your account
  • Your cookies
  • Search history
Southville International School and Colleges
  • Advanced search
  • Recent comments
  • Most popular
  • Libraries

Log in to your account

Log in with GOOGLE


If you do not have an external account, but do have a local account, you can still log in:

  1. Home
  2. MARC view: Cover girl /
Normal view MARC view ISBD view

Cover girl / (Record no. 11179)

[ view plain ]
MARC details
000 -LEADER
fixed length control field 00492nam a22001937a 4500
003 - CONTROL NUMBER IDENTIFIER
control field LC
005 - DATE AND TIME OF LATEST TRANSACTION
control field 20160316093804.0
008 - FIXED-LENGTH DATA ELEMENTS--GENERAL INFORMATION
fixed length control field 121115t xxu||||| |||| 00| 0 eng d
020 ## - INTERNATIONAL STANDARD BOOK NUMBER
International Standard Book Number 076783002258
050 ## - LIBRARY OF CONGRESS CALL NUMBER
Classification number PS 3623
Item number .G799 1983
082 ## - DEWEY DECIMAL CLASSIFICATION NUMBER
Classification number FIC
Item number G83c 1982
100 ## - MAIN ENTRY--PERSONAL NAME
Personal name Greene, Yvonne
9 (RLIN) 19220
245 ## - TITLE STATEMENT
Title Cover girl /
Statement of responsibility, etc Yvonne Greene.
260 ## - PUBLICATION, DISTRIBUTION, ETC. (IMPRINT)
Place of publication, distribution, etc Toronto :
Name of publisher, distributor, etc Bantam Books,
Date of publication, distribution, etc 1982.
300 ## - PHYSICAL DESCRIPTION
Extent 132 p. ;
Dimensions 18 cm.
651 ## - SUBJECT ADDED ENTRY--GEOGRAPHIC NAME
Geographic name Fiction
9 (RLIN) 17926
942 ## - ADDED ENTRY ELEMENTS (KOHA)
Source of classification or shelving scheme Library of Congress Classification
Koha item type Books
Holdings
Withdrawn status Lost status Source of classification or shelving scheme Damaged status Home library Current library Shelving location Date acquired Total Checkouts Full call number Barcode Date last seen Copy number Price effective from Koha item type
    Library of Congress Classification   Luxembourg Library Luxembourg Library Fiction Section 09/13/2013   PS 3623 .G799 1983 2427 09/07/2015 1 09/13/2013 Books

Cover girl /

APA

Greene Y., . (1982). Cover girl. Toronto: Bantam Books.

Chicago

Greene Yvonne, . 1982. Cover girl. Toronto: Bantam Books.

Harvard

Greene Y., . (1982). Cover girl. Toronto: Bantam Books.

MLA

Greene Yvonne, . Cover girl. Toronto: Bantam Books. 1982.

  • Place hold
  • Print
  • Cite
  • Add to your cart (remove)
  • Save record
    BIBTEX Dublin Core MARCXML MARC (non-Unicode/MARC-8) MARC (Unicode/UTF-8) MARC (Unicode/UTF-8, Standard) MODS (XML) RIS
  • More searches
    Search for this title in:
    Other Libraries (WorldCat) Other Databases (Google Scholar) Online Stores (Bookfinder.com) Open Library (openlibrary.org)

Exporting to Dublin Core...

SOUTHVILLE LIBRARY

Southville International School and Colleges Library

1281 Tropical Ave. Cor. Luxembourg St., BF Homes International, Las Pinas City

Tel. No. 8256374 / 252358 Loc. 117/146

Powered by Koha